| 000 | 00420nam a22001697a 4500 | ||
|---|---|---|---|
| 999 |
_c170637 _d170637 |
||
| 005 | 20191218161542.0 | ||
| 010 | _aA-518618 | ||
| 020 | _c60.00 | ||
| 035 | _aA-518618 | ||
| 037 | _bBPPD/Pub. | ||
| 082 | _a840.8 | ||
| 245 | _aاردو میں اصول تحقیق | ||
| 246 | _aUrdu mein asool-e-Tehqeeq | ||
| 260 | _c1989 ء | ||
| 300 |
_a402p. _c21cm(Hb) |
||
| 942 |
_2ddc _cUR _h840.8 _mا ے م |
||